| 000 | 00856cam a22002537a 4500 | ||
|---|---|---|---|
| 001 | 15473219 | ||
| 005 | 20171214033923.0 | ||
| 008 | 080929s2010 caua s 001 0 eng d | ||
| 010 | _a 2008938520 | ||
| 020 | _a9780495555094 | ||
| 020 | _a0495555096 | ||
| 035 | _a(OCoLC)ocn236318093 | ||
| 040 |
_aBTCTA _cBTCTA _dBAKER _dYDXCP _dUAB _dUBY _dNTE _dDLC |
||
| 041 | _aeng | ||
| 042 | _alccopycat | ||
| 080 | _a512 TIM | ||
| 082 | 0 | 4 |
_a512 _222 |
| 100 | 1 | _a38 | |
| 101 | _aMAT | ||
| 245 | 1 | 0 |
_aFundamentals of algebraic modeling : _cDaniel L. Timmons, Catherine W. Johnson, Sonya M. McCook. |
| 906 |
_a7 _bcbc _ccopycat _d3 _encip _f20 _gy-gencatlg |
||
| 942 |
_2ddc _cBK |
||
| 999 |
_c38888 _d38888 |
||